000 00366nam a2200145 a 4500
005 20140412111223.0
008 100122s19uu xx 00 eng d
020 _a0590-13565-1
050 _aTR(PS E
_bH38 1991
100 _aHenkes, Kevin
245 _aChrysanthemum /
_cKevin Henkes.
260 _aU.S.A :
_bScholastic,
_c1991.
300 _aunp.
999 _c101980
_d101980